<?xml version='1.0' encoding='UTF-8'?><?xml-stylesheet href='static/style.xsl' type='text/xsl'?><OAI-PMH xmlns="http://www.openarchives.org/OAI/2.0/" xmlns:xsi="http://www.w3.org/2001/XMLSchema-instance" xsi:schemaLocation="http://www.openarchives.org/OAI/2.0/ http://www.openarchives.org/OAI/2.0/OAI-PMH.xsd"><responseDate>2026-04-30T21:22:06Z</responseDate><request verb="GetRecord" identifier="oai:ebiltegia.mondragon.edu:20.500.11984/3923" metadataPrefix="marc">https://ebiltegia.mondragon.edu/oai/request</request><GetRecord><record><header><identifier>oai:ebiltegia.mondragon.edu:20.500.11984/3923</identifier><datestamp>2024-01-04T21:56:52Z</datestamp><setSpec>com_20.500.11984_1736</setSpec><setSpec>com_20.500.11984_1627</setSpec><setSpec>col_20.500.11984_1972</setSpec></header><metadata><record xmlns="http://www.loc.gov/MARC21/slim" xmlns:dcterms="http://purl.org/dc/terms/" xmlns:xsi="http://www.w3.org/2001/XMLSchema-instance" xmlns:doc="http://www.lyncode.com/xoai" xsi:schemaLocation="http://www.loc.gov/MARC21/slim http://www.loc.gov/standards/marcxml/schema/MARC21slim.xsd">
   <leader>00925njm 22002777a 4500</leader>
   <datafield ind2=" " ind1=" " tag="042">
      <subfield code="a">dc</subfield>
   </datafield>
   <datafield ind2=" " ind1=" " tag="720">
      <subfield code="a">Mondragon Unibertsitatea</subfield>
      <subfield code="e">author</subfield>
   </datafield>
   <datafield ind2=" " ind1=" " tag="260">
      <subfield code="c">2014-06-05</subfield>
   </datafield>
   <datafield ind2=" " ind1=" " tag="520">
      <subfield code="a">Atzo, ekainak 4, banatu ziren Mondragon Unibertsitateko Aretxabaletako campusean EikenTalent 2014 ikus-entzunezko proiektu berrien lehiaketaren sariak. Lohitzune Amatriak irabazi du EITB Sari nagusia "Berrikarin" umeei zuzendutako informatiboarekin, bestalde, Paula Besga eta Leire Berturen Mondragon Unibertsitateko ikasle ohiek jaso dute EikenTalent saria "Kanpotarrak" erreality proiektuagatik. Eiken Euskadiko ikus-entzunezko klusterrak antolatzen ditu EikenTalent sariak.</subfield>
   </datafield>
   <datafield ind2=" " ind1=" " tag="520">
      <subfield code="a">Ayer, 4 de junio, se celebro en el campus de Aretxabaleta de Mondragon Unibertsitatea el acto de entrega de premios del concurso EikenTalent 2014. En esta séptima edición, Lohitzune Amatriak recibió el premio EITB por su proyecto "Berrikarin" y las ex alumnas de Mondragon Unibertsitatea Paula Besga y Leire Berturen ganaron el premio EikenTalent por el trabajo "Kanpotarrak".</subfield>
   </datafield>
   <datafield ind1="8" ind2=" " tag="024">
      <subfield code="a">https://www.flickr.com/photos/huhezi/14327212086/</subfield>
   </datafield>
   <datafield ind1="8" ind2=" " tag="024">
      <subfield code="a">https://www.flickr.com/photos/huhezi/sets/72157644610027628/</subfield>
   </datafield>
   <datafield ind1="8" ind2=" " tag="024">
      <subfield code="a">https://www.flickr.com/photos/huhezi/14163852607/</subfield>
   </datafield>
   <datafield ind1="8" ind2=" " tag="024">
      <subfield code="a">https://hdl.handle.net/20.500.11984/3923</subfield>
   </datafield>
   <datafield tag="653" ind2=" " ind1=" ">
      <subfield code="a">Humanitate eta Hezkuntza Zientzien Fakultatea</subfield>
   </datafield>
   <datafield ind2="0" ind1="0" tag="245">
      <subfield code="a">Banatu dira EikenTalent 2014 lehiaketaren sariak</subfield>
   </datafield>
   <datafield ind2="0" ind1="0" tag="245">
      <subfield code="a">Concedidos los premios del concurso EikenTalent 2014</subfield>
   </datafield>
</record></metadata></record></GetRecord></OAI-PMH>